000 00841nam a2200241Ia 4500
003 OSt
005 20210913152553.0
008 210310s1989 ck fr 000 0 spa d
040 _aCO-JMCR
_cCO-JMCR
041 0 _aspa
082 0 4 _a339.46 /
_bG748p
_223
100 1 _aGranada Rodríguez, José,
_917653
_eautor
245 1 0 _aPlan de lucha contra la pobreza :
_binforme de avance 1988-1989 /
_cJosé Granada Rodríguez
250 _aPrimera edición
260 _aBogotá :
_bPresidencia de la República,
_c1989
300 _a158 páginas ;
_c22 cm.
500 _aIncluye notas a pie de página.
505 0 _aLas realizaciones -- Programación CONPES para 1989
650 1 4 _aPobreza
_917655
_zColombia
650 2 4 _aSeguridad social
_zColombia
_97785
650 2 4 _aPlanes de desarrollo
_y1986-1990
_zColombia
_940308
942 _2ddc
_cBK
999 _c8569
_d8569